Asignácia dane bakalárska práca

Salvato in:
Dettagli Bibliografici
Autore principale: Belko, Adam
Ente Autore: Národohospodárska fakulta EU. Katedra financií
Altri autori: Korytárová, Zuzana
Natura: Libro
Lingua:slovacco
Pubblicazione: Bratislava 2014
Tags: Aggiungi Tag
Nessun Tag, puoi essere il primo ad aggiungerne!!

MARC

LEADER 00000nbm a2200000 4500
001 0191638
005 20170201090410.3
041 0 |a slo 
044 |a SK 
245 1 0 |a Asignácia dane  |b bakalárska práca  |c Adam Belko ; školiteľ: Zuzana Korytárová 
264 1 |a Bratislava  |c 2014 
300 |a 50 s. 
100 1 |a Belko, Adam 
700 1 |a Korytárová, Zuzana 
710 2 |a Národohospodárska fakulta EU. Katedra financií